CBSE Sample Paper and Model Test Paper in "Hindi-A" , Class-10 , Term-1 (Record no. 11849)

MARC details
000 -LEADER
fixed length control field 00426nam a22001577a 4500
003 - CONTROL NUMBER IDENTIFIER
control field OSt
005 - DATE AND TIME OF LATEST TRANSACTION
control field 20211026090057.0
008 - FIXED-LENGTH DATA ELEMENTS--GENERAL INFORMATION
fixed length control field 211026b ||||| |||| 00| 0 eng d
020 ## - INTERNATIONAL STANDARD BOOK NUMBER
International Standard Book Number
040 ## - CATALOGING SOURCE
Transcribing agency GOYAL
050 ## - LIBRARY OF CONGRESS CALL NUMBER
Classification number 8H0
Item number 1
245 ## - TITLE STATEMENT
Title CBSE Sample Paper and Model Test Paper in "Hindi-A" , Class-10 , Term-1
260 ## - PUBLICATION, DISTRIBUTION, ETC. (IMPRINT)
Place of publication, distribution, etc. New Delhi
Name of publisher, distributor, etc. Goyal Brothers Prakashan
Date of publication, distribution, etc. September-2021
300 ## - PHYSICAL DESCRIPTION
Extent 1
942 ## - ADDED ENTRY ELEMENTS (KOHA)
Source of classification or shelving scheme Dewey Decimal Classification
Koha item type BOOK

No items available.

Powered by Koha